Detalles MARC
| 000 -LIDER |
| fixed length control field |
01681cam a22003733a 4500 |
| 001 - NÚMERO DE CONTROL |
| Identificador de número de control |
0000711 |
| 003 - IDENTIFICACDOR DE NÚMERO DE CONTROL |
| control field |
DO-SdBNP |
| 005 - DATE AND TIME OF LATEST TRANSACTION |
| control field |
20171110112625.0 |
| 007 - CAMPOS FIJOS DE DESCRIPCIÓN FÍSICA |
| fixed length control field |
0000711 |
| 008 - ELEMENTOS DE LONGITUD FIJA |
| fixed length control field |
861112 2011 sp ac 000 0 spa d |
| 010 ## - NUMERO DE CONTROL DE BIBLIOTECA DEL CONGRESO |
| LC control number |
|
| 020 ## - ISBN |
| International Standard Book Number |
9788426716606 (Marcombo) |
| 020 ## - ISBN |
| International Standard Book Number |
9788496334922(Altamar) |
| 040 ## - FUENTE DE CATALOGACIÓN |
| Agencia que crea de manera original el registro |
BPMSU |
| Agencia que realiza la transcripción |
spa |
| Agencia que realiza la modificación |
BPMSU |
| -- |
|
| 082 #4 - NÚMERO DE CLASIFICACIÓN DECIMAL DE DEWEY |
| Classification number |
621.3 |
| Item number |
E38ie |
| 100 1# - ASIENTO PRINCIPAL -- NOMBRE PERSONAL |
| Nombre personal |
Lapeña, Javier Esteban |
| 245 10 - MENCIÓN DE TITULO |
| Título |
Infraestructuras comunes de telecomunicación en viviendas y edificios / |
| Mención de responsabilidad |
Javier Esteban Lapeña, Manel López Giménez |
| 260 0# - PUBLICACIÓN, DISTRIBUCIÓN, ETC. (PIE DE IMPRENTA) |
| Lugar de publicación, distribución, etc |
Barcelona : |
| Nombre del editor, distribuidor, etc. |
Lexus, |
| Fecha de publicación, distribución, etc |
2011. |
| 300 ## - DESCRIPCIÓN FÍSICA |
| Extensión |
144 p. : |
| Otros detalles físicos |
il., retrato |
| Dimensiones |
31 cm. |
| 490 1# - MENCIÓN DE SERIES |
| Mención de serie |
Electricidad y electrónica / CFGM instalaciones eléctricas y automáticas |
| 500 ## - NOTA GENERAL |
| Nota general |
Se utilizó el cutter de la serie para reunir la colección en la estantería |
| 505 ## - NOTA DE CONTENIDO |
| Título |
La instalación de la ICT -- |
| -- |
Creación, transmisión y recepción de señales -- |
| -- |
Instalación de antenas terrestres -- |
| -- |
Instalaciones de antenas de TV satélite -- |
| -- |
La red de distribución o reparto -- |
| -- |
Instalaciónes básicas de telefonía -- |
| -- |
Instalaciones telefónicas con centralitas privadas y cable estructurado -- |
| -- |
Instalaciones de interfonía -- |
| 600 ## - ENCABEZAMIENTO DE MATERIA--NOMBRE PERSONAL |
| Nombre personal |
|
| Subdivisión temática general |
|
| 650 #4 - ENCABEZAMIENTO DE MATERIA--TEMÁTICO |
| Término temático o nombre geográfico como elemento de entrada |
TELECOMUNICACIONES |
| 650 #4 - ENCABEZAMIENTO DE MATERIA--TEMÁTICO |
| Término temático o nombre geográfico como elemento de entrada |
SISTEMAS DE INTERCOMUNICACIÓN |
| 650 #4 - ENCABEZAMIENTO DE MATERIA--TEMÁTICO |
| Término temático o nombre geográfico como elemento de entrada |
ANTENAS (ELECTRÓNICA) |
| 650 #4 - ENCABEZAMIENTO DE MATERIA--TEMÁTICO |
| Término temático o nombre geográfico como elemento de entrada |
TEORIA DE LAS SEÑALES (TELECOMUNICACIONES) |
| 700 12 - ASIENTO SECUNDARIO -- NOMBRE PERSONAL |
| Nombre personal |
López Giménez, Manel |
| 830 #0 - ASIENTO SECUNDARIO DE SERIE--TÍTULO UNIFORME |
| Título uniforme |
Electricidad y electrónica / CFGM instalaciones eléctricas y automáticas |
| 910 ## - VALIDACIÓN |
| Validación |
Validado. Control de calidad MFF |
| 942 ## - ADDED ENTRY ELEMENTS (KOHA) |
| Source of classification or shelving scheme |
Dewey Decimal Classification |
| Koha item type |
Libros |
| 945 ## - INFORMACIÓN DE PROCESAMIENTO LOCAL |
| Información de procesamiento local |
Invetariado extranjerov / 2017 VM |
| 956 ## - LOCAL ELECTRONIC LOCATION AND ACCESS (OCLC) |
| Método de acceso |
YLOCKWARD |
| Materiales especificados |
10 |
| Campo enlazado y núm. de secuencia |
BPMSU |